Dalit leadership in panchayats: a comparative study of four states (Record no. 406016)

000 -LEADER
fixed length control field 00497cam a22001697a 4500
008 - FIXED-LENGTH DATA ELEMENTS--GENERAL INFORMATION
fixed length control field 180718b2006 xxu||||| |||| 00| 0 eng d
020 ## - INTERNATIONAL STANDARD BOOK NUMBER
International Standard Book Number 8131600289
082 ## - DEWEY DECIMAL CLASSIFICATION NUMBER
Classification number B73X54 K899
100 ## - MAIN ENTRY--PERSONAL NAME
Personal name Narender Kumar
245 ## - TITLE STATEMENT
Title Dalit leadership in panchayats: a comparative study of four states
Statement of responsibility, etc. by Narender Kumar and Manoj Rai
260 ## - PUBLICATION, DISTRIBUTION, ETC.
Place of publication, distribution, etc. Jaipur
Name of publisher, distributor, etc. Rawat
Date of publication, distribution, etc. 2006
300 ## - PHYSICAL DESCRIPTION
Extent 236p.
650 ## - SUBJECT ADDED ENTRY--TOPICAL TERM
Topical term or geographic name entry element Panchayat --India.
650 ## - SUBJECT ADDED ENTRY--TOPICAL TERM
Topical term or geographic name entry element Leadership --India
650 ## - SUBJECT ADDED ENTRY--TOPICAL TERM
Topical term or geographic name entry element Dalits --India
700 ## - ADDED ENTRY--PERSONAL NAME
Personal name Rai, Manoj
Holdings
Withdrawn status Lost status Damaged status Not for loan Permanent Location Current Location Date acquired Full call number Barcode Date last seen Price effective from Koha item type
        Indian Institute of Public Administration Indian Institute of Public Administration 2006-10-05 B73X54 K899 81341 2018-07-21 2018-07-21 Book

Powered by Koha